[Event "Ciudad del Este qual 4th"]
[Site "Ciudad del Este"]
[Date "2017.07.01"]
[Round "4.6"]
[White "Farhat, Mohamed Abdallah"]
[Black "Farina, Nelson"]
[Result "0-1"]
[WhiteElo "1713"]
[BlackElo "1460"]
[PlyCount "34"]
[EventDate "2017.06.30"]
[EventType "swiss"]
[EventRounds "7"]
[EventCountry "PAR"]
[SourceTitle "EXT 2023"]
[Source "ChessBase"]
[SourceDate "2022.10.05"]
[SourceVersion "1"]
[SourceVersionDate "2022.10.05"]
[SourceQuality "1"]

1. d4 d5 2. c4 Nf6 3. Nc3 c5 4. dxc5 d4 5. Nb1 Nc6 6. Nd2 e5 7. Nb3 Bf5 8. Bg5 Bxc5 9. Nxc5 Qa5+ 10. Qd2 Qxc5 11. Bxf6 gxf6 12. a3 e4 13. Rc1 0-0-0 14. b4 Qe5 15. b5 e3 16. Qd1 exf2+ 17. Kxf2 Qe3+ 0-1